Měkkýši Moravského krasu /

Hlavní autor: Vašátko, Jaroslav, 1939-
Další autoři: Ložek, Vojen, 1925-2020, Horsák, Michal, 1975-
Jazyk: Čeština
Vydáno: [Blansko] : Agentura ochrany přírody a krajiny České republiky, Správa chráněné krajinné oblasti Moravský kras ve spolupráci s Občanským sdružením Cortusa - sdružení pro ochranu Moravského krasu, c2006
Témata:
Fyzický popis: 62 s., viii s. barev. obr. příl. : il. ; 23 cm
Language note: Anglické resumé
Knihy
Uloženo v:
LEADER 01848nam a2200481 a 4500
001 nkc20061684935
003 CZ PrNK
005 20070828152122.0
007 ta
008 060808s2006 xr af f 001 0 cze
015 |a cnb001684935 
020 |a 80-239-7634-6  |q (brož.) 
035 |a (OCoLC)187295103 
040 |a BOA001  |b cze  |d OLA001 
041 0 |a cze  |b eng 
043 |a e-xr---  |b e-xr-mr  |2 czenas 
072 7 |a 59  |x Zoologie  |2 Konspekt  |9 2 
080 |a 594  |2 MRF 
080 |a 591.9  |2 MRF 
080 |a (437.32-191.2)  |2 MRF 
080 |a (048.8)  |2 MRF 
100 1 |a Vašátko, Jaroslav,  |d 1939-  |7 jk01141653  |4 aut 
245 1 0 |a Měkkýši Moravského krasu /  |c Jaroslav Vašátko, Vojen Ložek, Michal Horsák 
260 |a [Blansko] :  |b Agentura ochrany přírody a krajiny České republiky, Správa chráněné krajinné oblasti Moravský kras ve spolupráci s Občanským sdružením Cortusa - sdružení pro ochranu Moravského krasu,  |c c2006 
300 |a 62 s., viii s. barev. obr. příl. :  |b il. ;  |c 23 cm 
504 |a Obsahuje bibliografii a rejstřík 
546 |a Anglické resumé 
650 0 7 |a měkkýši  |7 ph115396  |2 czenas 
650 0 7 |a fauna  |7 ph114529  |z Česko  |2 czenas 
650 0 9 |a molluscs  |2 eczenas 
650 0 9 |a fauna  |z Czechia  |2 eczenas 
651 7 |a Rudické doly (Česko : naučná stezka)  |7 ge447109  |2 czenas 
651 9 |a Moravský kras (Czechia)  |2 eczenas 
655 7 |a studie  |7 fd133597  |2 czenas 
655 9 |a studies  |2 eczenas 
700 1 |a Ložek, Vojen,  |d 1925-2020  |7 jk01072519  |4 aut 
700 1 |a Horsák, Michal,  |d 1975-  |7 mzk2007390564  |4 aut 
910 2 |a BOA001  |b 2-1186.027 
928 9 |a Cortusa - sdružení pro ochranu Moravského krasu 
990 |a BK 
995 |a 01 
991 |b 200705  |c NOV 
996 6 |b 2610308581  |c 2-1186.027  |l MZK  |r Sklad / do 1 hodiny  |n 3  |p p.v.  |w 000849289  |u 000010  |a 1  |e BOA001  |j MZK50  |s P